000 00525nam a2200217Ia 4500
003 OSt
005 20220926043757.0
006 a|||||r|||| 00| 0
007 ta
008 220923b |||||||| |||| 00| 0 eng d
037 _cGeneral Book
040 _aRTL
_cRTL
_beng
041 _2eng
_aeng
082 _aU12:1, J8
100 _aDebenham Frank
_948181
245 0 _aWorld is round
260 _c1958
650 _aGeography
942 _hU12:1, J8
_cGB
_2CC
999 _c673140
_d673140